100 Pays en 10 minutes - Statistiques

Statistiques générales
  • Ce quiz a été pris 76 fois
  • Le résultat moyen est 65 sur 100
Statistiques - réponses
Réponse % Correct
France
99%
États-Unis
93%
Canada
88%
Chine
88%
Espagne
88%
Portugal
88%
Russie
88%
Brésil
86%
Finlande
86%
Italie
85%
Norvège
85%
Royaume-Uni
85%
Algérie
83%
Allemagne
83%
Australie
83%
Japon
83%
Belgique
82%
Maroc
82%
Suède
82%
Argentine
81%
Irlande
81%
Islande
81%
Mexique
81%
Afrique du Sud
76%
Iran
76%
Pays-Bas
76%
Suisse
76%
Inde
75%
Irak
75%
Nouvelle-Zélande
75%
Tunisie
75%
Chili
74%
Égypte
74%
Grèce
74%
Pérou
74%
Pologne
72%
Turquie
72%
Ukraine
72%
Uruguay
72%
Corée du Sud
71%
Croatie
71%
Danemark
71%
Israël
71%
Liban
71%
Sénégal
71%
Bulgarie
67%
Cuba
67%
Indonésie
67%
Pakistan
67%
Roumanie
67%
Thaïlande
67%
Colombie
65%
Venezuela
65%
Vietnam
65%
Autriche
64%
Hongrie
64%
Luxembourg
64%
Arabie saoudite
63%
Bolivie
63%
Paraguay
63%
Slovaquie
63%
Estonie
61%
Laos
61%
Lettonie
61%
Lituanie
61%
Mongolie
61%
Népal
61%
Qatar
61%
République tchèque
60%
Serbie
60%
Madagascar
58%
Nigeria
58%
Sri Lanka
57%
Émirats arabes unis
56%
Jordanie
56%
Philippines
56%
Kazakhstan
54%
Chypre
53%
Kenya
53%
Angola
50%
Cambodge
50%
Côte d'Ivoire
50%
Malte
50%
Costa Rica
49%
Éthiopie
49%
Malaisie
49%
Ouzbékistan
49%
Panama
49%
Singapour
46%
Bangladesh
43%
Zimbabwe
43%
Tanzanie
42%
Ouganda
38%
Zambie
38%
Ghana
36%
République dominicaine
36%
Mozambique
35%
Papouasie-Nouvelle-Guinée
33%
Koweït
32%
Birmanie (Myanmar)
0%
Aucun quiz correspondant
Distribution des résultats
% des personnes avec chaque résultat
Percentile par nombre de réponses
Votre historique - résultats
Vous n’avez pas pris ce quiz